000 00685nam a22002657a 4500
001 094
003 DO-SdBNP
005 20180206154144.0
007 094
008 151005b1962 sp 00| 0 spa d
020 _a8470021338
040 _aBPMSU
_bspa
_cBPMSU
092 _aXXXX
_bXXXX
100 1 _aIrish, William
245 1 3 _aEl telón negro /
_cWilliam Irish ; traducción José Ma. Roca
260 _aBarcelona :
_bLitografía Rosés,
_c1962.
300 _a143 p. :
_c18 cm.
490 1 _aEl observador
_v47
700 1 2 _aRoca, José Ma.
_etrad.
830 0 _aEl observador
_n47
910 _a202
942 _2ddc
_cBK
945 _aInventariado, 2018 / BT
956 _aYngrid Lockward
999 _c8553
_d8553